|
|
|
|
| LEADER |
01539nam a2200409 a 4500 |
| 001 |
EBC775111 |
| 003 |
MiAaPQ |
| 005 |
20200520144314.0 |
| 006 |
m o d | |
| 007 |
cr cn||||||||| |
| 008 |
110201s2011 enka sb 001 0 eng d |
| 010 |
|
|
|z 2011004249
|
| 020 |
|
|
|z 9781107008939 (hardback)
|
| 020 |
|
|
|z 110700893X (hardback)
|
| 020 |
|
|
|z 9781107401419 (pbk.)
|
| 020 |
|
|
|z 1107401410 (pbk.)
|
| 020 |
|
|
|a 9781139115704 (electronic bk.)
|
| 035 |
|
|
|a (MiAaPQ)EBC775111
|
| 035 |
|
|
|a (Au-PeEL)EBL775111
|
| 035 |
|
|
|a (CaPaEBR)ebr10502828
|
| 035 |
|
|
|a (CaONFJC)MIL329865
|
| 035 |
|
|
|a (OCoLC)759007223
|
| 040 |
|
|
|a MiAaPQ
|c MiAaPQ
|d MiAaPQ
|
| 050 |
|
4 |
|a HC79.E5
|b N447 2011
|
| 082 |
0 |
4 |
|a 363.738/746
|2 22
|
| 100 |
1 |
|
|a Neuhoff, Karsten.
|
| 245 |
1 |
0 |
|a Climate policy after Copenhagen
|h [electronic resource] :
|b the role of carbon pricing /
|c Karsten Neuhoff.
|
| 260 |
|
|
|a Cambridge ;
|a New York :
|b Cambridge University Press,
|c 2011.
|
| 300 |
|
|
|a xvi, 274 p. :
|b ill.
|
| 504 |
|
|
|a Includes bibliographical references and index.
|
| 533 |
|
|
|a Electronic reproduction. Ann Arbor, MI : ProQuest, 2015. Available via World Wide Web. Access may be limited to ProQuest affiliated libraries.
|
| 650 |
|
0 |
|a Emissions trading.
|
| 650 |
|
0 |
|a Climatic changes
|x International cooperation.
|
| 650 |
|
0 |
|a Environmental protection
|x International cooperation.
|
| 655 |
|
4 |
|a Electronic books.
|
| 710 |
2 |
|
|a ProQuest (Firm)
|
| 856 |
4 |
0 |
|u https://ebookcentral.proquest.com/lib/matrademy/detail.action?docID=775111
|z Click to View
|